LIMES : (Record no. 206564)
[ view plain ]
| 000 -CABECERA | |
|---|---|
| campo de control de longitud fija | 00512nab a2200169 a 4500 |
| 005 - FECHA Y HORA DE LA ÚLTIMA TRANSACCIÓN | |
| campo de control | 20210219164051.0 |
| 008 - ELEMENTOS DE LONGITUD FIJA--INFORMACIÓN GENERAL | |
| campo de control de longitud fija | 991125s2015 mx 000 0 spa u |
| 035 ## - NÚMERO DE CONTROL DEL SISTEMA | |
| Número de control de sistema | UPN01000234469 |
| 049 ## - COLECCIÓN | |
| Colección | REV |
| 245 00 - MENCIÓN DE TÍTULO | |
| Título | LIMES : |
| Resto del título | ORGANO DE DIFUSION ACADEMICA DE LA UNIVERSIDAD PEDAGOGICA NACIONAL |
| 260 ## - PUBLICACIÓN, DISTRIBUCIÓN, ETC. | |
| Lugar de publicación, distribución, etc. | Tijuana, Baja California |
| Nombre del editor, distribuidor, etc. | UPN Unidad 022 |
| Fecha de publicación, distribución, etc. | 2015 |
| 336 ## - TIPO DE CONTENIDO | |
| Término de tipo de contenido | texto$2rdacontent |
| 337 ## - TIPO DE MEDIO | |
| Nombre/término del tipo de medio | computadora$2rdamedia |
| 338 ## - TIPO DE SOPORTE | |
| Nombre/término del tipo de soporte | recurso en l nea$2rdacarrier |
| 905 ## - TIPO DE MATERIAL | |
| Tipo de material | Revista |
| Estado de retiro | Estado de pérdida | Fuente del sistema de clasificación o colocación | Estado dañado | No para préstamo | Código de colección | Localización permanente | Ubicación/localización actual | Ubicación en estantería | Enumeración/cronología de publicación seriada | Total de préstamos | Código de barras | Fecha visto por última vez | Número de copia | Tipo de ítem Koha |
|---|---|---|---|---|---|---|---|---|---|---|---|---|---|---|
| Library of Congress Classification | Disponible (Préstamo en sala) | Revistas | Bib. Gregorio Torres Quintero | Bib. Gregorio Torres Quintero | Hemeroteca Sótano | 2015, no. 0 | 234469-10 | 31/12/2020 | 1 | Revista Impresa | ||||
| Library of Congress Classification | Disponible (Préstamo en sala) | Revistas | Bib. Gregorio Torres Quintero | Bib. Gregorio Torres Quintero | Hemeroteca Sótano | 2015, no. 1 | 234469-20 | 31/12/2020 | 1 | Revista Impresa |
